Exercise, nutrition, and health /

Saved in:
Bibliographic Details
Main Author: Snyder, Ann C.
Format: Book
Language:English
Published: Carmel, IN : Cooper Pub., c1998.
Subjects:
LEADER 01149cam a2200337 a 4500
001 c000380719
003 CARM
005 20110608144430.0
008 110608s1998 inuad b 001 0 eng d
010 |a 96072244 
019 1 |a 14239817  |5 LACONCORD2021 
020 |a 1884125662 (pbk.) 
035 |a (OCoLC)40396332  |5 LACONCORD2021 
040 |a KAtBC  |b eng  |c KAtBC  |d DLC  |d LC 
042 |a lccopycat 
050 0 0 |a RA781  |b .S6185 1998 
082 0 0 |a 613.7  |2 21 
100 1 |a Snyder, Ann C. 
245 1 0 |a Exercise, nutrition, and health /  |c Ann C. Snyder. 
246 3 |a Exercise, nutrition & health 
260 |a Carmel, IN :  |b Cooper Pub.,  |c c1998. 
300 |a xvi, 336 p. :  |b ill. ;  |c 26 cm. 
504 |a Includes bibliographical references and index. 
650 0 |a Health. 
650 0 |a Exercise. 
650 0 |a Nutrition. 
852 8 |b CARM  |p 0462829  |f BK 
852 8 |b SCAN  |h A3:AG06C0  |i F07971  |p 0462829  |f BK 
999 f f |i 256bbeee-aa9a-59c5-9dff-d891c60f2acf  |s 280e77cd-764f-5763-9f54-af2a00008d95 
952 f f |p Can circulate  |a CAVAL  |b CAVAL  |c CAVAL  |d CARM 1 Store  |i book  |m 0462829 
952 f f |a CAVAL  |b CAVAL  |c CAVAL  |d Unmapped Location  |e F07971  |f A3:AG06C0  |h Other scheme